000 00225nam a22000977a 4500
999 _c519854
_d519854
082 _aTNC A6x5444 Sr21
100 _aSrivastva, V. N.
_931082
245 _aLocal governance
260 _aNew Delhi
_bNehru Memoral
300 _a40p.